First steps in teaching creative dance to children
Αποθηκεύτηκε σε:
| Κύριος συγγραφέας: | |
|---|---|
| Μορφή: | Βιβλίο |
| Γλώσσα: | English |
| Δημοσίευση: |
California :
Mayfield Publishing Company,
1980
|
| Έκδοση: | 2nd ed. |
| Θέματα: | |
| Ετικέτες: |
Προσθήκη ετικέτας
Δεν υπάρχουν, Καταχωρήστε ετικέτα πρώτοι!
|
MARC
| LEADER | 00000nam a2200000 i 4500 | ||
|---|---|---|---|
| 001 | 1/76280 | ||
| 008 | 971126s1980 eng d | ||
| 020 | |a 0-87484-510-6 | ||
| 035 | |a 1993 |b 3 |c Στρατής |l 10032359 | ||
| 040 | |a GR-MY-UA |b gre |e aacr | ||
| 041 | 0 | |a eng | |
| 082 | 0 | |a 793.3088054 | |
| 100 | 1 | |a Joyce, Mary. | |
| 245 | 1 | 0 | |a First steps in teaching creative dance to children / |c Mary Joyce ; photographs by Patty Haley |
| 250 | |a 2nd ed. | ||
| 260 | |a California : |b Mayfield Publishing Company, |c 1980 | ||
| 300 | |a 226 p. | ||
| 650 | 0 | 0 | |a Dance for children. |
| 650 | 0 | 0 | |a Dance |x Study and teaching (Elementary) |
| 852 | |a INST |b RHODES |e 19971126 |h 793.3088054 JOY |p 005400010034 |q 005400010034 |t BK |y 0 | ||
| 901 | |a BIBL-1997-2 | ||
| 909 | |a Ρ |b 032856 |c 1993 | ||